| 000 | 00585cam a22002053a 4500 | ||
|---|---|---|---|
| 001 | 43797 | ||
| 003 | PGUSA | ||
| 005 | 20140828084009.0 | ||
| 008 | 130923s2013||||xxu|||||s|||||000 | eng d | ||
| 040 |
_aPGUSA _beng |
||
| 042 | _adc | ||
| 100 | 1 | _aHenshall, James Alexander | |
| 245 | 1 | 0 |
_aFavorite Fish and Fishing _h[electronic resource] / _cJames Alexander Henshall |
| 260 |
_bProject Gutenberg, _c2013 |
||
| 506 | _aPublic domain in the USA. | ||
| 516 | _aElectronic text | ||
| 830 | 0 |
_aProject Gutenberg _v43797 |
|
| 856 | 4 | 0 | _uhttp://www.gutenberg.org/ebooks/43797 |
| 942 | _cEB | ||
| 999 |
_c273048 _d273048 |
||